000
00305nam a22001337a 4500
008
171013b xxu||||| |||| 00| 0 eng d
020
_a
9780073370224
041
_a
eng
080
_2
10TH
_a
316
100
_a
51
101
_a
SOC
245
_a
METHODS IN BEHAVIORAL RESEARCH
_c
COZBY,P.C
942
_2
udc
_c
BK
999
_c
33823
_d
33823